00372nam a2200145Ia 450000500170000000800460001703700120006304000200007504100130009508400190010810000130012724500290014026000490016930000080021820250508151811.0008 250505s9999 xx 000 0 eng d aTextual aFEDLbengcFEDL aeng2eng a428, DODqFEDL aDodd E F 0aStories from Greek myths aMadras, India bMacmillan and Co, Ltd.c1954 a65p